Hyperbolic groupoids and duality

Αποθηκεύτηκε σε:
Λεπτομέρειες βιβλιογραφικής εγγραφής
Κύριος συγγραφέας: Nekrashevych, Volodymyr 1975-
Μορφή: Βιβλίο
Γλώσσα:English
Δημοσίευση: Providence, Rhode Island : American Mathematical Society, c2015.
Σειρά:Memoirs of the American Mathematical Society ; 1122
Θέματα:
Ετικέτες: Προσθήκη ετικέτας
Δεν υπάρχουν, Καταχωρήστε ετικέτα πρώτοι!

MARC

LEADER 00000nam a2200000 a 4500
001 1/110145
008 160302t2015####riu| ||| |||| ||eng||
020 |a 9781470415440  
040 |a GR-MyUa  |b gre  |c GR-MyUa  |e AACR2 
041 0 |a eng 
082 7 |a 512.2   |2 (23)  
100 1 |a Nekrashevych, Volodymyr  |d 1975- 
245 1 0 |a Hyperbolic groupoids and duality /   |c Volodymyr V. Nekrashevych.  
260 |a Providence, Rhode Island :   |b American Mathematical Society,   |c c2015.  
300 |a v, 108 σ. :   |b σχέδια ;   |c 26 εκ.  
490 1 |a (Memoirs of the American Mathematical Society)   |v ; 1122  
504 |a Βιβλιογραφία: σ. 103-105. Ευρετήριο.  
650 0 |a Hyperbolic groups 
650 0 |a Groupoids 
650 0 |a Group theory 
650 0 |a Duality theory (Mathematics) 
830 0 |a Memoirs of the American Mathematical Society ;  |v 1122 
852 |a INST  |b SAMOS  |e 20160302  |h 512.2 NEK  |p 005300043374  |q 005300043374  |t BK  |y 0 
922 |a 3ΕΛΗ  |b 201601  |c Τμήμα Μαθηματικών/Μεταπτυχιακό  |d Διαδρομές 
970 |a Κοσιέρης  |b Χρήστος  |z 02-03-2016